000 00868nam a2200265 i 4500
001 bg
100 1 _aCoplien, James O.
245 1 0 _aC++ :
_bstyl i technika zaawansowanego programowania /
_cJames O. Coplien ; [tł. Jaromir Senczyk].
246 _iTyt. oryg.:
_aAdvanced C++ programming styles and idioms
260 _aGliwice :
_b"Helion",
_c2004.
300 _a477 s. ;
_c24 cm.
500 _aTyt. oryg.: "Advanced C++ programming styles and idioms".
504 _aIndeks.
650 9 _aC ++
_xprogramowanie
655 _aPodręczniki
700 1 _aSenczyk, Jaromir.
_eTł.
020 _a8373613226
040 _cBPK
041 1 _apol
_heng
080 _a004.438A/Z:004.421](07)
920 _a83-7361-322-6
942 _cKS
008 s pl f |000 0 pol
999 _c44500
_d44500
856 _uhttp://koha.tu.koszalin.pl/cgi-bin/koha/opac-detail.pl?biblionumber=44500
_yKatalog online BPK